Crítica al viento (Registro nro. 62498)
[ vista simple ]
| 000 -LEADER | |
|---|---|
| campo de control de longitud fija | 00599nam a2200181 i 4500 |
| 001 - NÚMERO DE CONTROL | |
| campo de control | 62498 |
| 003 - IDENTIFICADOR DE NÚMERO DE CONTROL | |
| campo de control | ES-MaACL |
| 005 - FECHA Y HORA DE LA ÚLTIMA TRANSACCIÓN | |
| campo de control | 20230906164659.0 |
| 007 - CAMPO FIJO DE DESCRIPCIÓN FÍSICA--INFORMACIÓN GENERAL | |
| campo de control de longitud fija | t| |
| 008 - DATOS DE LONGITUD FIJA--INFORMACIÓN GENERAL | |
| campo de control de longitud fija | 031121s1948 sp cf |||| | spa d |
| 100 1# - ENTRADA PRINCIPAL--NOMBRE DE PERSONA | |
| Nombre de persona | Fernández-Flórez, Darío. |
| 9 (RLIN) | 49786 |
| 245 10 - MENCIÓN DEL TÍTULO | |
| Título | Crítica al viento |
| Resto del título | : guía crítica del lector / |
| Mención de responsabilidad, etc. | Darío Fernández-Flórez ; prólogo de Miguel Pérez Ferrero. |
| 260 ## - PUBLICACIÓN, DISTRIBUCIÓN, ETC. | |
| Lugar de publicación, distribución, etc. | Madrid : |
| Nombre del editor, distribuidor, etc. | [s.n.], |
| Fecha de publicación, distribución, etc. | 1948. |
| 300 ## - DESCRIPCIÓN FÍSICA | |
| Extensión | 494 p., 1 lám. retr. autor ; |
| Dimensiones | 20 cm. |
| 700 1# - ENTRADA AGREGADA--NOMBRE PERSONAL | |
| Nombre de persona | Pérez Ferrero, Miguel, |
| Fechas asociadas al nombre | 1905-1978 |
| 9 (RLIN) | 90864 |
| 852 ## - LOCALIZACIÓN | |
| Ubicación | ES-MaACL |
| Número de control de estantería | C-5097 |
| Estatus retirado | Estado de pérdida | Estado de daño | No para préstamo | Biblioteca de origen | Biblioteca actual | Ubicación en estantería | Fecha de adquisición | Fuente de adquisición | Total de préstamos | Signatura topográfica completa | Código de barras | Visto por última vez | Precio de reemplazo | Tipo de ítem Koha |
|---|---|---|---|---|---|---|---|---|---|---|---|---|---|---|
| Biblioteca del Ateneo de Madrid | Biblioteca del Ateneo de Madrid | Sala Palomar | 17/01/2008 | C-5097 | 1065523 | 23/02/2023 | 23/02/2023 | Libro impreso |
